| 000 | 01058nam a2200289 a 4500 | ||
|---|---|---|---|
| 001 | 000017823 | ||
| 005 | 20250424134901.0 | ||
| 008 | 100406s2005 dr a 001 0 spa d | ||
| 020 | _z9994540802X | ||
| 040 |
_aDO-SdBNP _bspa _cBNPHU |
||
| 082 |
_a921.4 _bM342g |
||
| 100 | 1 |
_aGómez Cerda, José _98583 |
|
| 245 | 1 | 0 |
_aArte, filosofía y política : _bsegún Jacques Maritain / _cJosé Gómez Cerda ; prólogo Mariano Lebrón Saviñón. |
| 260 |
_aSanto Domingo : _bArgos, _c2005. |
||
| 300 |
_a158 p. : _bil. ; _c23 cm. |
||
| 500 | _aIncluye datos biográficos del autor en las solapas. | ||
| 500 | _aIncluye bibliografía y notas al pie de páginas. | ||
| 504 | _aBibliografía: p.155-158. | ||
| 600 | 1 | 4 |
_aMARITAIN, JACQUES, _d1882-1973 _95666 |
| 650 | 0 |
_aHumanismo cristiano _938717 |
|
| 650 | 4 |
_aHumanismo en el arte _938718 |
|
| 650 | 4 |
_aFilosofía cristiana _9390 |
|
| 650 | 4 |
_aCristianismo y democracia _938719 |
|
| 700 | 1 |
_aLebrón Saviñon, Mariano _d1922-2014 _epról. _97227 |
|
| 910 | _aValidado. Control de calidad EMS | ||
| 049 | _aBNPD | ||
| 999 |
_c17347 _d17347 |
||